000 01376nac a22003617a 4500
001 BR0301173
003 BR-BrBNA
005 20240105122750.0
008 230509b bl.|||m| |||| 00| 0 por d
040 _aBR-BrBNA
_bpor
_cBiblioteca Nacional de Agricultura
072 _aH20
090 _aH20 BR0301173
110 1 _aEMBRAPA Soja, Londrina, PR (Brasil)
111 1 _a8. International Colloquium on Invertebrate Pathology and Microbial Control; 35. Anual Meeting of the SIP; 6. International Conference on Bacillus Thuringiensis
_cFoz do Iguaçu, PR (Brazil)
_d18-23 Aug 2002
245 1 _a8. International Colloquium on Invertebrate Pathology and Microbial Control; 35 Anual Meeting of the SIP; 6. International Conference on Bacillus Thuringiensis
260 3 _aFoz do Iguaçu, PR (Brasil):
_c2002.
300 _a312 p.
490 _aDocumentos - EMBRAPA Soja (Brazil)
_vno. 184
_xISSN 1516-781X
500 _aSeveral bibliography; 48 illus.; 14 tables
650 _aANIMAL INVERTEBRADO
650 _aFUNGO
650 _aVÍRUS
650 _aBACTÉRIA
650 _aNEMATÓIDE
650 _aCONTROLE MICROBIANO
650 _aCONTROLE BIOLÓGICO
650 _aBATATA
650 _aCAFÉ
650 _aPLANTA TRANSGÊNICA
650 _aRESISTÊNCIA A PRODUTOS QUÍMICOS
909 _a202312
_bLúcia Elande
_c55
_dLúcia Elande
942 _2AGRIS
_n0
_cMS
999 _c292719
_d292719